Detalles MARC
| 000 -LIDER |
| fixed length control field |
01017cam a2200349 i 4500 |
| 001 - NÚMERO DE CONTROL |
| Identificador de número de control |
0000449 |
| 003 - IDENTIFICACDOR DE NÚMERO DE CONTROL |
| control field |
DO-SdBNP |
| 005 - DATE AND TIME OF LATEST TRANSACTION |
| control field |
20240705093844.0 |
| 007 - CAMPOS FIJOS DE DESCRIPCIÓN FÍSICA |
| fixed length control field |
0000449 |
| 008 - ELEMENTOS DE LONGITUD FIJA |
| fixed length control field |
100514s2008 sp | 000 f spa |
| 015 ## - NÚMERO DENTRO DE LA BIBLIOGRAFÍA NACIONAL |
| National bibliography number |
|
| 017 ## - NÚMERO DE REGISTRO DE DERECHOS DE AUTOR |
| Copyright or legal deposit number |
|
| Assigning agency |
|
| 020 ## - ISBN |
| International Standard Book Number |
9788426359629 |
| 035 ## - NÚMERO LOCAL |
| System control number |
|
| 040 ## - FUENTE DE CATALOGACIÓN |
| Agencia que crea de manera original el registro |
BPMSU |
| Idioma de catalogación |
spa |
| Agencia que realiza la transcripción |
BPMSU |
| Convenciones de la despripción |
|
| 080 ## - NÚMERO DE CLASIFICACIÓN DECIMAL UNIVERSAL |
| Universal Decimal Classification number |
|
| 082 #4 - NÚMERO DE CLASIFICACIÓN DECIMAL DE DEWEY |
| Classification number |
863.6 |
| Item number |
G633t 2008 |
| Edition number |
22 |
| 100 1# - ASIENTO PRINCIPAL -- NOMBRE PERSONAL |
| Nombre personal |
Gómez Cerdá, Alfredo |
| Fechas asociadas con el nombre |
1951- |
| 245 13 - MENCIÓN DE TITULO |
| Título |
El tesoro del barco fantasma / |
| Mención de responsabilidad |
Alfredo Gómez Cerdá ; ilustraciones Jordi Vila Delclós |
| 250 ## - MENCIÓN DE EDICION |
| Mención de edición |
2a. ed. |
| 260 ## - PUBLICACIÓN, DISTRIBUCIÓN, ETC. (PIE DE IMPRENTA) |
| Lugar de publicación, distribución, etc |
Zaragoza : |
| Nombre del editor, distribuidor, etc. |
Edelvives, |
| Fecha de publicación, distribución, etc |
2008. |
| Fecha de impresión |
2008 |
| 300 ## - DESCRIPCIÓN FÍSICA |
| Extensión |
181 p.: |
| Otros detalles físicos |
il. |
| Dimensiones |
21 cm |
| 490 1# - MENCIÓN DE SERIES |
| Mención de serie |
Ala delta, serie verde |
| Volume/sequential designation |
54 |
| 500 ## - NOTA GENERAL |
| Nota general |
La biblioteca posee la 14a. reimpresión |
| 650 #4 - ENCABEZAMIENTO DE MATERIA--TEMÁTICO |
| Término temático o nombre geográfico como elemento de entrada |
Novela juvenil española |
| 650 #4 - ENCABEZAMIENTO DE MATERIA--TEMÁTICO |
| Término temático o nombre geográfico como elemento de entrada |
Contrabando |
| Subdivisión de forma |
Novela juvenil |
| 700 1# - ASIENTO SECUNDARIO -- NOMBRE PERSONAL |
| Nombre personal |
Vila Delclós, Jordi |
| Mención de responsabilidad |
ilustraciones |
| 830 #0 - ASIENTO SECUNDARIO DE SERIE--TÍTULO UNIFORME |
| Título uniforme |
Ala delta |
| Volume number/sequential designation |
54 |
| Nombre de la parte o sección de una obra |
serie verde |
| 942 ## - ADDED ENTRY ELEMENTS (KOHA) |
| Source of classification or shelving scheme |
Dewey Decimal Classification |
| Koha item type |
Libros |
| 945 ## - INFORMACIÓN DE PROCESAMIENTO LOCAL |
| Información de procesamiento local |
inventariado, 2018 / dg |
| 956 ## - LOCAL ELECTRONIC LOCATION AND ACCESS (OCLC) |
| Nombre de host |
YLOCKWARD |
| Campo enlazado y núm. de secuencia |
10 |
| Información de compresión |
BPMSU |